000 00511nam a2200169 i 4500
001 76395
003 ES-MaACL
005 20230906172829.0
007 t|
008 041001s1970 sp ||||1| spa d
245 0 0 _aGuía para el cálculo de los precios en la construcción /
_c[traducción y revisión, Pedro Camps Vehí].
260 _aBarcelona :
_bSagitario,
_c1970.
300 _a107 p. ;
_c32 cm.
700 1 _aCamps Vehi, Pedro.
_9199629
852 _aES-MaACL
_jC-46210
_bR.75057
999 _c76395
_d76395